Normal view
MARC view
Entry Topical Term
001 - CONTROL NUMBER
- control field: 779884
003 - CONTROL NUMBER IDENTIFIER
- control field: OSt
005 - DATE AND TIME OF LATEST TRANSACTION
- control field: 20250508165111.0
008 - FIXED-LENGTH DATA ELEMENTS
- fixed length control field: 250508|| aca||aabn | a|a d
040 ## - CATALOGING SOURCE
- Original cataloging agency: OSt
- Transcribing agency: OSt
150 ## - HEADING--TOPICAL TERM
- Topical term or geographic name entry element: Higher education commission; Rais Ahmed Committee report
670 ## - SOURCE DATA FOUND
- Source citation: Work cat.: (OSt)1393164: Rashtriya shikshak aayog-2 ki report 1983-85, 1986
